书目信息 |
| 题名: |
透视图解汽车构造·原理与拆装
|
|
| 作者: | 于海东 主编 | |
| 分册: | ||
| 出版信息: | 北京 化学工业出版社 2017.01 |
|
| 页数: | 214页 | |
| 开本: | 26cm | |
| 丛书名: | ||
| 单 册: | ||
| 中图分类: | U463-64 | |
| 科图分类: | ||
| 主题词: | 汽车--构造--图解 | |
| 电子资源: | ||
| ISBN: | 978-7-122-28584-3 | |
| 000 | 00906nam0 2200217 450 | |
| 001 | 92 | |
| 005 | 20180920173520.05 | |
| 010 | @a978-7-122-28584-3@dCNY69.00 | |
| 100 | @a20170328d2017 em y0chiy50 ea | |
| 101 | 0 | @achi |
| 102 | @aCN@b110000 | |
| 105 | @aa z 000yy | |
| 200 | 1 | @a透视图解汽车构造·原理与拆装@9tou shi tu jie qi che gou zao · yuan li yu chai zhuang@f于海东主编 |
| 210 | @a北京@c化学工业出版社@d2017.01 | |
| 215 | @a214页@d26cm | |
| 330 | @a本书收集了大量的汽车结构透视图、系统分解图及线描图;并精心选择了目前市场上保有量居多的大众/奥迪车系相关高清图片,将其按照汽车结构特点编写。从基础出发,全面解读汽车构造和原理;语言通俗、易懂,文字与图示相结合,将复杂的原理图示化、图形化。章节内容编排与目前绝大多数教材内容相对应。 | |
| 606 | 0 | @a汽车@x构造@j图解 |
| 690 | @aU463-64@v5 | |
| 701 | 0 | @a于海东@9yu hai dong@4主编 |
| 801 | 0 | @aCN@b91MARC@c20170328 |
| 905 | @aMuseLib@dU463-64@e690 | |
| 透视图解汽车构造·原理与拆装/于海东主编.-北京:化学工业出版社,2017.01 |
| 214页;26cm |
| ISBN 978-7-122-28584-3:CNY69.00 |
| 本书收集了大量的汽车结构透视图、系统分解图及线描图;并精心选择了目前市场上保有量居多的大众/奥迪车系相关高清图片,将其按照汽车结构特点编写。从基础出发,全面解读汽车构造和原理;语言通俗、易懂,文字与图示相结合,将复杂的原理图示化、图形化。章节内容编排与目前绝大多数教材内容相对应。 |
| ● |
| 相关链接 |
|
|
|
|
正题名:透视图解汽车构造·原理与拆装
索取号:U463-64/690
 
预约/预借
| 序号 | 登录号 | 条形码 | 馆藏地/架位号 | 状态 | 备注 |
| 1 | 1118199 | 211181996 | 第二样本阅览室/ [索取号:U463-64/690] | 在馆 | |
| 2 | 1118200 | 211182003 | 第三借阅区/ [索取号:U463-64/690] | 在馆 | |
| 3 | 1118201 | 211182012 | 第三借阅区/ [索取号:U463-64/690] | 在馆 | |
| 4 | 1118202 | 211182021 | 第三借阅区/ [索取号:U463-64/690] | 在馆 | |
| 5 | 1118203 | 211182030 | 第三借阅区/ [索取号:U463-64/690] | 在馆 |